Os 20 Países para quem Suzano mais exporta - Statistics

Estatísticas Gerais
  • Esse quiz foi jogado 39 vezes
  • A pontuação média é 16 de 20
Respostas no mapa
Respostas codificadas por cores de uma escala verde-vermelha no mapa do quiz de acordo com a % correta abaixo.
 
Estatísticas das Respostas
país % Correto
Estados Unidos
100%
Argentina
97%
China
94%
Alemanha
92%
França
92%
México
92%
Bolívia
89%
Chile
89%
Colombia
89%
Peru
89%
Venezuela
89%
Paraguai
86%
Reino Unido
86%
Uruguai
86%
Austrália
83%
Equador
83%
Panamá
67%
África do Sul
58%
Romenia
22%
Ilhas Cayman
3%
Nenhum quiz correspondente encontrado
Distribuição das Pontuações
Porcentagem de Pessoas com Cada Pontuação
Percentil de Números Respondidos
Sua Pontuação Histórica
Você não jogou esse quiz